000
00268nam a2200109Ia 4500
008
240625s9999 xx 000 0 und d
041
_a
eng
082
_a
658.15224 RAO
100
_a
RAO S S PRASADA
245
_a
FINANCIAL ENGINEERING RISK MANAGEMENT AN
260
_c
2014
999
_c
35170
_d
35170